000 00428nam a22001817a 4500
003 MPLRDC
005 20220104144429.0
008 210129b ||||| |||| 00| 0 eng d
082 _a857.621 MY v.89
100 _a马云著
245 _a罂粟大军
_c
250 _a初版
260 _a
_b环球图书杂志出版社
_c1973
300 _b
490 _a铁拐侠盗故事
650 _a
942 _cBK
_o857.621 MY v.89
999 _c49529
_d49519